Referential-semantic analysis : aspects of a theory of linguistic reference /

Bibliographic Details
Main Author: Thrane, Torben
Format: Book
Language:English
Published: Cambridge ; New York : Cambridge University Press, 1980.
Series:Cambridge studies in linguistics ; 28.
Subjects:

MARC

Tag First Indicator Second Indicator Subfields
LEADER 00000pam a2200000 i 4500
001 in00000672425
005 20151015094524.0
008 790706s1980 maua b 00110 eng
010 |a  79017405  
020 |a 0521227917 :  |c $30.00 
035 |a (OCoLC)05219526 
035 |9 ACY9165AM 
040 |a DLC  |c DLC  |d TXA  |d UtOrBLW 
049 |a TXAM  |c [950176] 
050 0 0 |a P325.5.R44  |b T5 
082 0 |a 415 
100 1 |a Thrane, Torben. 
245 1 0 |a Referential-semantic analysis :  |b aspects of a theory of linguistic reference /  |c Torben Thrane. 
264 1 |a Cambridge ;  |a New York :  |b Cambridge University Press,  |c 1980. 
300 |a x, 256 pages :  |b illustrations ;  |c 24 cm. 
336 |a text  |b txt  |2 rdacontent 
337 |a unmediated  |b n  |2 rdamedia 
338 |a volume  |b nc  |2 rdacarrier 
490 1 |a Cambridge studies in linguistics ;  |v 28 
500 |a Includes index. 
504 |a Bibliography: pages 240-247. 
650 0 |a Reference (Linguistics) 
650 0 |a English language  |x Semantics. 
830 0 |a Cambridge studies in linguistics ;  |v 28. 
999 |a MARS 
999 f f |s 2470ff19-b6b9-3e3a-9d79-9bc5ee98daf5  |i 71ed0e98-1363-3ba3-abaf-be4515a13925  |t 0 
952 f f |p ric  |a Texas A&M University  |b Rellis Campus  |c Joint Library Facility  |d Remote Storage  |t 0  |e P325.5.R44 T5  |h Library of Congress classification  |i unmediated -- volume  |m A14803537281 
998 f f |a P325.5.R44 T5  |t 0  |l Remote Storage